| 000 | 00735nam a2200193 a 4500 | ||
|---|---|---|---|
| 008 | 111007s1998 ||||||||||||||||| || u | ||
| 020 | _a0195093348 | ||
| 050 | _aRM 315 Car | ||
| 100 | _aCarvey, Paul M | ||
| 245 | 1 | 0 |
_aDrug action in the central nervous system _cby Paul M. Carvey |
| 260 |
_aOxford _bOxford University Press _c1998 |
||
| 300 | _ax, 416p.: ill. | ||
| 350 | _a0.00 | ||
| 650 | _aNEUROPHARMACOLOGY | ||
| 650 | _aMEDICINE | ||
| 650 | _aCENTRAL NERVOUS SYSTEM--EFFECTS OF DRUGS ON | ||
| 650 | _aNEUROPSYCHOPHARMACOLOGY | ||
| 995 |
_aMICHAEL CHILUFYA SATA OPEN ACCESS _D0.00 _e901193 _FCBU-SCHOOL OF MEDICINE LIBRARY (Ndola) _H1 _I0.00 _jRM 315 CAR _M1 _UAVAILABLE _WOct 7, 2011 _y901193 _ZMedical Library Open Access Collection |
||
| 999 |
_c31297 _d31297 |
||